Falstaff : (Record no. 128077)

MARC details
000 -LEADER
fixed length control field 00703nam a22002297a 4500
005 - DATE AND TIME OF LATEST TRANSACTION
control field 20170124110034.0
010 ## - LIBRARY OF CONGRESS CONTROL NUMBER
LC control number 821100
020 ## - INTERNATIONAL STANDARD BOOK NUMBER
Terms of availability 25.00
035 ## - SYSTEM CONTROL NUMBER
System control number 821100
037 ## - SOURCE OF ACQUISITION
Source of stock number/acquisition Cen Lib/Ret
040 ## - CATALOGING SOURCE
Original cataloging agency dpl
Language of cataloging EN
082 ## - DEWEY DECIMAL CLASSIFICATION NUMBER
Classification number 882.08
Item number DES
100 ## - MAIN ENTRY--PERSONAL NAME
Personal name Desai, R.W.
9 (RLIN) 22341
245 ## - TITLE STATEMENT
Title Falstaff :
Statement of responsibility, etc by R.W.Desai
Remainder of title a study of his role in Shakespeare's history plays /
260 ## - PUBLICATION, DISTRIBUTION, ETC. (IMPRINT)
Name of publisher, distributor, etc Doaba House
Date of publication, distribution, etc 1976
Place of publication, distribution, etc Delhi
270 ## - ADDRESS
Address 1688, Nai Sarak
City Delhi
Postal code 110006
300 ## - PHYSICAL DESCRIPTION
Extent xxii,158p.
Dimensions 20cm(Hb)
500 ## - GENERAL NOTE
General note Includes index
650 ## - SUBJECT ADDED ENTRY--TOPICAL TERM
Topical term or geographic name as entry element Shakespeare, William, -- 1564-1616
9 (RLIN) 22342
650 ## - SUBJECT ADDED ENTRY--TOPICAL TERM
Topical term or geographic name as entry element Falstaff, John, Sir (Fictitious character)
9 (RLIN) 22343
942 ## - ADDED ENTRY ELEMENTS (KOHA)
Source of classification or shelving scheme Dewey Decimal Classification
Koha item type English Books
Classification part 882.08
Call number suffix DES
Holdings
Withdrawn status Lost status Damaged status Not for loan Home library Current library Date acquired Source of acquisition Cost, normal purchase price Total Checkouts Full call number Barcode Date last seen Copy number Cost, replacement price Price effective from Koha item type
        Central Library Central Library 01/07/2015 Cen Lib/Ret 25.00   882.08 DES 821100 01/07/2015 1 25.00 01/07/2015 English Books

© Delhi Public Library
Hit Counter
free hit counter